[Event "GER-chT North U12"]
[Site "Magdeburg"]
[Date "2014.09.11"]
[Round "2.1"]
[White "Kister, Tobias"]
[Black "Minkes, Pavel"]
[Result "1/2-1/2"]
[WhiteElo "1143"]
[BlackElo "1110"]
[PlyCount "92"]
[EventDate "2014.09.11"]
[EventType "team-swiss"]
[EventRounds "7"]
[EventCountry "GER"]
[SourceTitle "EXT 2016"]
[Source "ChessBase"]
[SourceDate "2015.10.08"]
[SourceVersion "1"]
[SourceVersionDate "2015.10.08"]
[SourceQuality "1"]
[WhiteTeam "Roland Weissenfels"]
[BlackTeam "Gottingen Rochade"]
[WhiteTeamCountry "GER"]
[BlackTeamCountry "GER"]

1. e4 e5 2. Bc4 Nf6 3. Nc3 Nc6 4. d3 Bc5 5. h3 0-0 6. Bg5 Bb4 7. Qf3 Nd4 8. Qd1 c6 9. Nf3 Re8 10. 0-0 Nxf3+ 11. Qxf3 Rf8 12. Bxf6 Qxf6 13. Qxf6 gxf6 14. Ne2 a5 15. c3 Bc5 16. Ng3 a4 17. a3 Rd8 18. Nh5 Be7 19. Rae1 d5 20. exd5 cxd5 21. Ba2 Bf5 22. Bb1 Bg6 23. Ng3 Rd6 24. d4 Re6 25. dxe5 Rxe5 26. Rxe5 fxe5 27. Ba2 d4 28. cxd4 exd4 29. Bd5 Ra7 30. f4 Bc2 31. f5 Bc5 32. Kf2 b6 33. Ke2 Re7+ 34. Kd2 d3 35. Be4 Rd7 36. Rf3 Bd6 37. Nh5 Be5 38. Bxd3 Bxd3 39. Rxd3 Rxd3+ 40. Kxd3 Bxb2 41. Kc4 Bxa3 42. Kb5 Bc5 43. Kxa4 Kf8 44. Kb5 Ke7 45. Nf4 Kf6 46. g4 Kg5 1/2-1/2